Leven Betts : pattern recognition (Record no. 9528)

000 -LEADER
fixed length control field 00373nam a2200145 4500
003 - CONTROL NUMBER IDENTIFIER
control field OSt
005 - DATE AND TIME OF LATEST TRANSACTION
control field 20210701165745.0
008 - FIXED-LENGTH DATA ELEMENTS--GENERAL INFORMATION
fixed length control field 210701b ||||| |||| 00| 0 eng d
020 ## - INTERNATIONAL STANDARD BOOK NUMBER
International Standard Book Number 9781568987828
082 ## - DEWEY DECIMAL CLASSIFICATION NUMBER
Classification number 720.973
Item number LEV
100 ## - MAIN ENTRY--PERSONAL NAME
Personal name Leven, David,
245 ## - TITLE STATEMENT
Title Leven Betts : pattern recognition
260 ## - PUBLICATION, DISTRIBUTION, ETC. (IMPRINT)
Place of publication, distribution, etc New York
Name of publisher, distributor, etc Princeton Architectural press
Date of publication, distribution, etc 2009
942 ## - ADDED ENTRY ELEMENTS (KOHA)
Source of classification or shelving scheme
Holdings
Withdrawn status Lost status Source of classification or shelving scheme Damaged status Koha normalized classification for sorting Not for loan Permanent location Current location Date acquired Full call number Barcode Date last seen Price effective from Koha item type
        720_973000000000000_LEV   BMS College of Architecture, Design and Planning BMS College of Architecture, Design and Planning 2021-07-01 720.973 LEV AR-UG2200 2021-07-01 2021-07-01 UG Books
Copyright © 2025, The Librarian, Library and Information Centre, BMSCA D&P, Bengaluru. All Rights Reserved
web counter

Powered by Koha